| 000 | 00504cam a2200193ua 4500 | ||
|---|---|---|---|
| 001 | 6153 | ||
| 008 | 131120n ii |||gr||||Z||||||eng | ||
| 020 | _a978-81-272-4511-5 | ||
| 040 | _cMAIN | ||
| 082 | _a657.42 | ||
| 245 |
_aCost And Management Accounting _cBy S.P. Jain |
||
| 260 |
_aLudhiana: _bKalyani Publishers, _c2008. |
||
| 300 | _ax,438p. | ||
| 653 | _aCommerce | ||
| 653 | _aCost and Management Accounting | ||
| 700 |
_aJain,S.P., _eAuthor., |
||
| 700 |
_aNarang,K.L., _eAuthor. |
||
| 942 | _cBK | ||
| 999 |
_c5305 _d5305 |
||